Contending water uses: bridge over the Brahmaputra (Record no. 68945)

000 -LEADER
fixed length control field 00792pab a2200169 454500
008 - FIXED-LENGTH DATA ELEMENTS--GENERAL INFORMATION
fixed length control field 180718b2006 xxu||||| |||| 00| 0 eng d
100 ## - MAIN ENTRY--PERSONAL NAME
Personal name Mahanta, Chandan
245 ## - TITLE STATEMENT
Title Contending water uses: bridge over the Brahmaputra
260 ## - PUBLICATION, DISTRIBUTION, ETC.
Date of publication, distribution, etc. 2006
300 ## - PHYSICAL DESCRIPTION
Extent p.579-81.
362 ## - DATES OF PUBLICATION AND/OR SEQUENTIAL DESIGNATION
Dates of publication and/or sequential designation 16 Feb
520 ## - SUMMARY, ETC.
Summary, etc. The island of Majuli on the river Brahmaputra has been under constant threat from floods as well as rising erosion levels. Tension has simmered between development agencies responsible for flood control and the local eople who have opposed the structural measures. The proposed Bogibeel bridge has evoked concerns that the conflict will see an esclation. - Reproduced
650 ## - SUBJECT ADDED ENTRY--TOPICAL TERM
Topical term or geographic name entry element Water supply
700 ## - ADDED ENTRY--PERSONAL NAME
Personal name Mahanta, Anjana
773 ## - HOST ITEM ENTRY
Main entry heading Economic and Political Weekly
909 ## -
-- 68945
Holdings
Withdrawn status Lost status Damaged status Not for loan Permanent Location Current Location Date acquired Serial Enumeration / chronology Barcode Date last seen Price effective from Koha item type
        Indian Institute of Public Administration Indian Institute of Public Administration 2018-07-19 Volume no: 41, Issue no: 7 AR69401 2018-07-19 2018-07-19 Articles

Powered by Koha